लकड़ी का पुल (Record no. 8027)

MARC details
000 -LEADER
fixed length control field 01064 a2200241 4500
005 - DATE AND TIME OF LATEST TRANSACTION
control field 20080919150917.0
008 - FIXED-LENGTH DATA ELEMENTS--GENERAL INFORMATION
fixed length control field 080919t xxu||||| |||| 00| 0 hin d
010 ## - LCCN (DPL NO)
LC control number HIN-81265
020 ## - INTERNATIONAL STANDARD BOOK NUMBER
Terms of availability 150.00
International Standard Book Number 8188441171
035 ## - SYSTEM CONTROL NUMBER
System control number HN-53611
037 ## - SOURCE OF ACQUISITION
Source of stock number/acquisition D.B.Act / pub
082 ## - DEWEY DECIMAL CLASSIFICATION NUMBER
Classification number
100 ## - MAIN ENTRY--PERSONAL NAME
Personal name मधुरकमल
245 ## - TITLE STATEMENT
Title लकड़ी का पुल
Statement of responsibility, etc मधुरकमल
246 ## - VARYING FORM OF TITLE
Title proper/short title Lakari ka pul
Remainder of title by Madhurkamal
260 ## - PUBLICATION, DISTRIBUTION, ETC. (IMPRINT)
Place of publication, distribution, etc दिल्ली
Name of publisher, distributor, etc प्रथम प्रकाशन गृह
Date of publication, distribution, etc 2007
270 ## - ADDRESS
Address 1/10038-ई, पं. गोरख पार्क, गली नं.3, शाहदरा
City दिल्ली
Telephone number 22969962 , 09868990519
Postal code 110032
300 ## - PHYSICAL DESCRIPTION
Extent 112पृ
Dimensions 22सेमी (सजिल्द)
650 ## - SUBJECT ADDED ENTRY--TOPICAL TERM
Topical term or geographic name as entry element हिन्दी कहानियाँ
650 ## - SUBJECT ADDED ENTRY--TOPICAL TERM
Topical term or geographic name as entry element Hindi Stories
942 ## - ADDED ENTRY ELEMENTS (KOHA)
Institution code [OBSOLETE] dpl
Item type Hindi Books
Call number prefix क / मधुर
Source of classification or shelving scheme Dewey Decimal Classification
Classification part
Call number suffix मधुर
Holdings
Withdrawn status Lost status Source of classification or shelving scheme Damaged status Not for loan Home library Current library Date acquired Cost, normal purchase price Total Checkouts Full call number Barcode Date last seen Copy number Cost, replacement price Koha item type
    Dewey Decimal Classification     D.B.Act.Division D.B.Act.Division 19/09/2008 150.00   क मधुर HN-53611 15/09/2008 1 150.00 Hindi Books

© Delhi Public Library
Hit Counter
free hit counter